00721nam a2200253 u 450000100070000000500170000700800410002403500110006504000130007604100080008908200080009710000470010524500410015226000430019330000140023665000260025065000210027665000370029765000360033470000410037070000360041150200120044752600080045919619220260506081311.0980604s1998 ||||||m| spa  a196192 ccomduadb aspa 4a00510aAvendaño Munera, Cesar Augusto4auteaut10aSimad : sistema de matematica difusa aMedellín :b[sin publicador],c1998. a122 hojas 7aLógica difusa2lemb aSistemas difusos aSIMAD (Programa para computador) 7aProgramas para computador2lemb10aGiraldo Serna, Elkin Dario4auteaut10aEscobar Lopez, Alvaro4auteaut b173c17 a175